| 000 | 00783cam a22001694a 4500 | ||
|---|---|---|---|
| 005 | 20260411112926.0 | ||
| 008 | 030620s2004 mau b 001 0 eng | ||
| 020 | _a0674011554 (hbk) | ||
| 082 | _a330 SHA | ||
| 100 | 1 | _aShavell, Steven | |
| 245 | 1 | 0 |
_aFoundations of economic analysis of law / _cSteven Shavell |
| 260 |
_aCambridge : _bBelknap Press of Harvard University Press, _c2004. |
||
| 300 |
_axx, 737 p. ; _c25 cm. |
||
| 505 | _aIntroduction- I. Property law - Ii. Accident - Iii. Contract law - Iv. Litigation and the legal process - V. Public law enforcement and criminal law - Vi. General structure of the law - Vii. Welfare economics, morality, and the law - References - Author index - subject index. | ||
| 650 | 0 |
_aLaw _xEconomic aspects. |
|
| 942 |
_2ddc _cBK |
||
| 999 |
_c22152 _d22152 |
||